[Event "Scarborough CC Falling Leaves U1800"]
[Site "Toronto CAN"]
[Date "2011.11.10"]
[Round "2"]
[White "Gillis, Doug"]
[Black "Graham, John"]
[Result "1/2-1/2"]
[WhiteElo "1617"]
[BlackElo "1417"]
[PlyCount "89"]
[GameId "2160767909639498"]
[EventDate "2011.11.03"]
[EventType "swiss"]
[EventRounds "7"]
[EventCountry "CAN"]
[SourceTitle "EXT 2022"]
[Source "ChessBase"]
[SourceDate "2021.10.06"]
[SourceVersion "1"]
[SourceVersionDate "2021.10.06"]
[SourceQuality "1"]

1. d4 Nf6 2. Nc3 e6 3. e4 Bb4 4. Qd3 O-O 5. e5 Nd5 6. a3 Ba5 7. Nge2 Nc6 8. Qg3 Kh8 9. Bd2 f6 10. O-O-O Nxc3 11. Bxc3 Bxc3 12. Nxc3 fxe5 13. dxe5 b6 14. Bb5 Bb7 15. Rd3 a6 16. Ba4 b5 17. Bb3 Qe7 18. Rhd1 Rad8 19. Kb1 Na5 20. Ba2 b4 21. axb4 Nc6 22. b5 axb5 23. Nxb5 Nb4 24. Rc3 Bc6 25. Nd4 Nxa2 26. Kxa2 Ra8+ 27. Kb1 Bd5 28. Rxc7 Rfb8 29. Nb3 Qd8 30. Rc3 Qb6 31. Qe3 Qa6 32. Rd4 Qf1+ 33. Qc1 Qxf2 34. Rf4 Qa7 35. Qf1 Bxb3 36. cxb3 Qa2+ 37. Kc2 Qa5 38. Rcc4 Qxe5 39. Ra4 Rc8+ 40. Kb1 Rab8 41. Rae4 Qc5 42. Rc4 Qe7 43. Rf7 Qd6 44. Rg4 Rg8 45. Rg3 1/2-1/2

[Event "Scarborough CC Falling Leaves U1800"]
[Site "Toronto CAN"]
[Date "2011.11.10"]
[Round "2"]
[White "Joshi, Arjavkumar"]
[Black "Kurkowski, Ken"]
[Result "0-1"]
[WhiteElo "1312"]
[BlackElo "1569"]
[PlyCount "82"]
[GameId "2160767909639499"]
[EventDate "2011.11.03"]
[EventType "swiss"]
[EventRounds "7"]
[EventCountry "CAN"]
[SourceTitle "EXT 2022"]
[Source "ChessBase"]
[SourceDate "2021.10.06"]
[SourceVersion "1"]
[SourceVersionDate "2021.10.06"]
[SourceQuality "1"]

1. e4 e6 2. d4 d5 3. e5 c5 4. c3 Qb6 5. Nf3 Bd7 6. Be2 cxd4 7. cxd4 Bb5 8. Nc3 Bxe2 9. Nxe2 Nc6 10. a4 Nge7 11. O-O Nf5 12. b3 Be7 13. Bb2 O-O 14. Qd2 Rac8 15. Ng3 Nxg3 16. fxg3 Na5 17. Qe3 Qxb3 18. Qxb3 Nxb3 19. Rab1 Rc7 20. Ba3 Bxa3 21. Rxb3 Be7 22. Rbb1 Rfc8 23. Nd2 b6 24. Nb3 Rc4 25. a5 Rb4 26. axb6 axb6 27. Na1 Rxd4 28. Rxb6 Bc5 29. Rbb1 Rf4+ 30. Kh1 Rxf1+ 31. Rxf1 Bd4 32. Nb3 Bxe5 33. Rc1 Rxc1+ 34. Nxc1 Kf8 35. Kg1 Ke7 36. Kf2 Kd6 37. Nd3 Bf6 38. h4 h5 39. Nf4 g6 40. Kf3 e5 41. Nd3 e4+ 0-1

[Event "Scarborough CC Falling Leaves U1800"]
[Site "Toronto CAN"]
[Date "2011.11.10"]
[Round "2"]
[White "Liang, Phillip"]
[Black "Bellomo, Joe"]
[Result "1-0"]
[WhiteElo "1443"]
[BlackElo "1588"]
[PlyCount "95"]
[GameId "2160767909639500"]
[EventDate "2011.11.03"]
[EventType "swiss"]
[EventRounds "7"]
[EventCountry "CAN"]
[SourceTitle "EXT 2022"]
[Source "ChessBase"]
[SourceDate "2021.10.06"]
[SourceVersion "1"]
[SourceVersionDate "2021.10.06"]
[SourceQuality "1"]

1. d4 Nf6 2. Bg5 h6 3. Bxf6 exf6 4. e4 Bb4+ 5. c3 Ba5 6. Bc4 O-O 7. Ne2 c6 8. d5 b5 9. Bb3 c5 10. a4 c4 11. Ba2 Re8 12. Nd2 a6 13. O-O d6 14. axb5 axb5 15. Nd4 Ba6 16. Qg4 Kh7 17. N2f3 Bc8 18. Qf4 g5 19. Qd2 Bd7 20. Bb1 Kg7 21. h3 Bxc3 22. bxc3 Rxa1 23. Qb2 Qa5 24. Nc2 Ra4 25. Nd2 Qc7 26. Ne3 Ra8 27. Nf3 Na6 28. Nd4 Nc5 29. Nef5+ Bxf5 30. Nxf5+ Kg6 31. Qxb5 Nd3 32. Bxd3 cxd3 33. Qxd3 Ra3 34. Nxd6 Re5 35. Nb5 Rxc3 36. Nxc3 Qc5 37. d6 Qc8 38. d7 Qd8 39. Rd1 Kg7 40. Qa6 Rc5 41. Na4 Rc2 42. Qd3 Ra2 43. Nc5 Rb2 44. Qd4 Rb5 45. e5 fxe5 46. Qxe5+ Kg6 47. Rd6+ Kh7 48. Qe8 1-0

[Event "Scarborough CC Falling Leaves U1800"]
[Site "Toronto CAN"]
[Date "2011.11.10"]
[Round "2"]
[White "Mesiti, Silvano"]
[Black "Azizi, Hamid"]
[Result "1-0"]
[WhiteElo "1604"]
[BlackElo "1424"]
[PlyCount "96"]
[GameId "2160767909639501"]
[EventDate "2011.11.03"]
[EventType "swiss"]
[EventRounds "7"]
[EventCountry "CAN"]
[SourceTitle "EXT 2022"]
[Source "ChessBase"]
[SourceDate "2021.10.06"]
[SourceVersion "1"]
[SourceVersionDate "2021.10.06"]
[SourceQuality "1"]

1. e4 e6 2. Nf3 Nc6 3. Nc3 a6 4. d4 d5 5. e5 Na7 6. Be3 Ne7 7. Bd3 Nf5 8. O-O Bd7 9. Bxf5 exf5 10. Bg5 Be7 11. Bxe7 Qxe7 12. Nxd5 Qd8 13. Nc3 O-O 14. Ne2 Bb5 15. Re1 Nc8 16. c3 Bc4 17. Ng3 Ne7 18. Qc2 Qd7 19. Nh4 g6 20. b3 Be6 21. Rad1 c6 22. Qd2 Rfd8 23. Qg5 Qe8 24. Nh5 Qf8 25. Nf6+ Kh8 26. Nf3 h6 27. Qh4 Ng8 28. Ng5 Kg7 29. Ngh7 Qe7 30. Qg3 Kh8 31. h4 Nxf6 32. Nxf6 Kg7 33. Qe3 Rac8 34. f4 b6 35. Kf2 Qa3 36. Rd2 Qf8 37. Rh1 h5 38. Qg3 Qh8 39. Qd3 b5 40. Qe3 Qf8 41. Rh3 Qe7 42. Qg3 Kf8 43. Qg5 Qa7 44. Qh6+ Ke7 45. Qg5 Kf8 46. Nh7+ Ke8 47. Nf6+ Kf8 48. Qg3 Ke7 1-0

[Event "Scarborough CC Falling Leaves U1800"]
[Site "Toronto CAN"]
[Date "2011.11.10"]
[Round "2"]
[White "Raphael, Raymond"]
[Black "Vyravanathan, Sobiga"]
[Result "1/2-1/2"]
[WhiteElo "1642"]
[BlackElo "1453"]
[PlyCount "82"]
[GameId "2160767909639502"]
[EventDate "2011.11.03"]
[EventType "swiss"]
[EventRounds "7"]
[EventCountry "CAN"]
[SourceTitle "EXT 2022"]
[Source "ChessBase"]
[SourceDate "2021.10.06"]
[SourceVersion "1"]
[SourceVersionDate "2021.10.06"]
[SourceQuality "1"]

1. e4 c5 2. Nf3 Nc6 3. d4 cxd4 4. Nxd4 Nf6 5. Nc3 d6 6. Be2 e6 7. Bg5 Be7 8. Nxc6 bxc6 9. Qd2 O-O 10. O-O Rb8 11. Rab1 Qc7 12. Rfd1 Rd8 13. Qe3 e5 14. h3 Be6 15. Qg3 Ne8 16. Bxe7 Qxe7 17. Bg4 Nf6 18. Bxe6 Qxe6 19. b3 d5 20. exd5 cxd5 21. f3 Rdc8 22. Qe1 d4 23. Ne4 Rxc2 24. Rd2 Rxd2 25. Nxd2 h6 26. Nc4 e4 27. Rd1 exf3 28. Qxe6 fxe6 29. Rxd4 fxg2 30. Kxg2 Kf7 31. Ne5+ Ke8 32. Kf3 Rd8 33. Rxd8+ Kxd8 34. Nc6+ Kc7 35. Nxa7 Kb6 36. Nc8+ Kb5 37. a4+ Kb4 38. Kf4 Ne8 39. Ke5 Kxb3 40. a5 Nc7 41. Kd6 Na6 1/2-1/2

[Event "Scarborough CC Falling Leaves U1800"]
[Site "Toronto CAN"]
[Date "2011.11.10"]
[Round "2"]
[White "Smith, Maurice"]
[Black "Termeer, Ted"]
[Result "1/2-1/2"]
[WhiteElo "1509"]
[BlackElo "1349"]
[PlyCount "52"]
[GameId "2160767909639503"]
[EventDate "2011.11.03"]
[EventType "swiss"]
[EventRounds "7"]
[EventCountry "CAN"]
[SourceTitle "EXT 2022"]
[Source "ChessBase"]
[SourceDate "2021.10.06"]
[SourceVersion "1"]
[SourceVersionDate "2021.10.06"]
[SourceQuality "1"]

1. d4 Nf6 2. c4 d6 3. Nc3 g6 4. e4 Bd7 5. Nf3 e6 6. Be2 Bg7 7. O-O O-O 8. Bg5 Qc8 9. Rc1 h6 10. Be3 Nh7 11. Qd2 g5 12. Bd3 f5 13. exf5 exf5 14. Qc2 Nf6 15. Nd5 Re8 16. Rfe1 c6 17. Nxf6+ Bxf6 18. h3 Kg7 19. Bd2 Rxe1+ 20. Rxe1 Na6 21. a3 Nc7 22. Bc3 g4 23. hxg4 fxg4 24. Bh7 Be8 25. Bf5 Bd7 26. Bh7 Be8 1/2-1/2

[Event "Scarborough CC Falling Leaves U1800"]
[Site "Toronto CAN"]
[Date "2011.11.10"]
[Round "2"]
[White "Super, Russell"]
[Black "Guo, Tan"]
[Result "0-1"]
[WhiteElo "1423"]
[BlackElo "1634"]
[PlyCount "120"]
[GameId "2160767909639505"]
[EventDate "2011.11.03"]
[EventType "swiss"]
[EventRounds "7"]
[EventCountry "CAN"]
[SourceTitle "EXT 2022"]
[Source "ChessBase"]
[SourceDate "2021.10.06"]
[SourceVersion "1"]
[SourceVersionDate "2021.10.06"]
[SourceQuality "1"]

1. e4 d6 2. d4 Nf6 3. Nc3 g6 4. Bc4 Bg7 5. Nge2 O-O 6. O-O c6 7. h3 Qc7 8. a4 e5 9. dxe5 dxe5 10. Be3 Rd8 11. Bd3 Be6 12. Ng3 Nbd7 13. Qe2 Nf8 14. Rad1 Rd7 15. Rd2 Rad8 16. Rfd1 a6 17. b4 a5 18. b5 c5 19. Bc4 Bxc4 20. Qxc4 Ne6 21. Rxd7 Rxd7 22. Rxd7 Qxd7 23. Nge2 Nd4 24. Bxd4 cxd4 25. Nd5 Nxe4 26. Nc1 Nd6 27. Qd3 Qe6 28. Qb3 h6 29. Nd3 Ne4 30. b6 Nc3 31. Nxc3 Qxb3 32. cxb3 dxc3 33. Ne1 f5 34. Nc2 Kf7 35. b4 axb4 36. Nxb4 Ke6 37. a5 Bf8 38. a6 bxa6 39. b7 Bd6 40. Kf1 a5 41. Nc2 Kd7 42. Ke2 Kc7 43. Kd3 Bb4 44. Kc4 Kxb7 45. Kd5 e4 46. f3 Kb6 47. fxe4 fxe4 48. Kxe4 Kc5 49. Kd3 Kd5 50. Ne3+ Ke5 51. g3 g5 52. Nc2 h5 53. Ke3 Kf5 54. Kf3 Bc5 55. g4+ hxg4+ 56. hxg4+ Ke5 57. Ne1 Kd4 58. Ke2 Ke4 59. Nd3 Be3 60. Ne1 a4 0-1

[Event "Scarborough CC Falling Leaves U1800"]
[Site "Toronto CAN"]
[Date "2011.11.10"]
[Round "2"]
[White "Thanabalachandran, Kajan"]
[Black "Crnilovic, Grisha"]
[Result "1-0"]
[WhiteElo "1594"]
[BlackElo "1668"]
[PlyCount "33"]
[GameId "2160767909639506"]
[EventDate "2011.11.03"]
[EventType "swiss"]
[EventRounds "7"]
[EventCountry "CAN"]
[SourceTitle "EXT 2022"]
[Source "ChessBase"]
[SourceDate "2021.10.06"]
[SourceVersion "1"]
[SourceVersionDate "2021.10.06"]
[SourceQuality "1"]

1. e4 e5 2. Nf3 Nc6 3. Bb5 f5 4. d3 Nf6 5. O-O d6 6. Re1 f4 7. h3 a6 8. Ba4 b5 9. Bb3 Na5 10. d4 Nxb3 11. axb3 Nd7 12. dxe5 dxe5 13. Qd5 Rb8 14. Nxe5 Nxe5 15. Qxe5+ Be7 16. Bxf4 O-O 17. Qxc7 1-0

[Event "Scarborough CC Falling Leaves U1800"]
[Site "Toronto CAN"]
[Date "2011.11.10"]
[Round "2"]
[White "Vojnov, Miomir"]
[Black "Zhong, Joey"]
[Result "0-1"]
[WhiteElo "1566"]
[BlackElo "1366"]
[PlyCount "48"]
[GameId "2160767909639507"]
[EventDate "2011.11.03"]
[EventType "swiss"]
[EventRounds "7"]
[EventCountry "CAN"]
[SourceTitle "EXT 2022"]
[Source "ChessBase"]
[SourceDate "2021.10.06"]
[SourceVersion "1"]
[SourceVersionDate "2021.10.06"]
[SourceQuality "1"]

1. e4 e6 2. Nf3 d5 3. e5 c5 4. d4 Nc6 5. b3 cxd4 6. Bb5 Qa5+ 7. c3 Qxb5 8. Nxd4 Nxd4 9. cxd4 Bb4+ 10. Bd2 Bxd2+ 11. Qxd2 Ne7 12. Nc3 Qd7 13. O-O O-O 14. Ne2 b6 15. Ng3 Ba6 16. Rfd1 Ng6 17. a4 Rac8 18. b4 Bc4 19. b5 Qe7 20. Ra3 Qxa3 21. Nh5 Bb3 22. Nf6+ gxf6 23. exf6 Kh8 24. Qh6 Rg8 0-1

[Event "Scarborough CC Falling Leaves U1800"]
[Site "Toronto CAN"]
[Date "2011.11.10"]
[Round "2"]
[White "Yie, Kevin Yi Xiao"]
[Black "Radpey, Abdolreza"]
[Result "1/2-1/2"]
[WhiteElo "1463"]
[BlackElo "1613"]
[PlyCount "98"]
[GameId "2160767909639508"]
[EventDate "2011.11.03"]
[EventType "swiss"]
[EventRounds "7"]
[EventCountry "CAN"]
[SourceTitle "EXT 2022"]
[Source "ChessBase"]
[SourceDate "2021.10.06"]
[SourceVersion "1"]
[SourceVersionDate "2021.10.06"]
[SourceQuality "1"]

1. d4 e6 2. c4 c5 3. e3 Nf6 4. Nc3 cxd4 5. exd4 Bb4 6. Nge2 Nc6 7. a3 Ba5 8. g3 h5 9. h4 Ne7 10. Bg2 d5 11. cxd5 Nexd5 12. O-O Bc7 13. Bg5 Nxc3 14. bxc3 Rb8 15. c4 b6 16. a4 Bb7 17. Nc3 Bxg2 18. Kxg2 Bd6 19. Ne4 Be7 20. Nxf6+ Bxf6 21. Be3 g5 22. hxg5 Bxg5 23. Qf3 Bxe3 24. fxe3 Qd7 25. Rh1 Qb7 26. d5 exd5 27. cxd5 Qe7 28. Raf1 h4 29. Qf4 Rd8 30. e4 Rd6 31. Rxh4 Rxh4 32. gxh4 Rg6+ 33. Kh3 Rg7 34. Qb8+ Qd8 35. Qxd8+ Kxd8 36. h5 Ke7 37. Kh4 a6 38. Rb1 b5 39. axb5 axb5 40. Rxb5 Kd6 41. Rb4 Ke5 42. h6 Rg1 43. Rb7 Rh1+ 44. Kg5 Rg1+ 45. Kh4 Rh1+ 46. Kg3 Rxh6 47. Rxf7 Kxe4 48. Rd7 Rf6 49. Rd8 Ke5 1/2-1/2

[Event "Scarborough CC Falling Leaves U1800"]
[Site "Toronto CAN"]
[Date "2011.11.10"]
[Round "2"]
[White "Zhang, John"]
[Black "Karpik, Steve"]
[Result "1-0"]
[WhiteElo "1663"]
[BlackElo "1481"]
[PlyCount "74"]
[GameId "2160767909639509"]
[EventDate "2011.11.03"]
[EventType "swiss"]
[EventRounds "7"]
[EventCountry "CAN"]
[SourceTitle "EXT 2022"]
[Source "ChessBase"]
[SourceDate "2021.10.06"]
[SourceVersion "1"]
[SourceVersionDate "2021.10.06"]
[SourceQuality "1"]

1. e4 d6 2. d4 Nf6 3. Nc3 g6 4. f4 Bg7 5. Nf3 O-O 6. Bc4 Nxe4 7. Bxf7+ Rxf7 8. Nxe4 Bg4 9. c3 e5 10. dxe5 Bxf3 11. Qxf3 Bxe5 12. Ng5 Bxf4 13. Bxf4 Qe8+ 14. Kf2 Rf5 15. g4 Rb5 16. b4 Nc6 17. a4 Ne5 18. Bxe5 Rxe5 19. Rhe1 Qf8 20. Rxe5 dxe5 21. Ke3 Qe7 22. Qd5+ Kg7 23. Ne6+ Kh8 24. h3 Re8 25. Nc5 Qg5+ 26. Ke4 Qf4+ 27. Kd3 e4+ 28. Nxe4 Qf3+ 29. Kd4 c6 30. Qe5+ Rxe5 31. Kxe5 g5 32. Re1 h6 33. Kd4 Qxh3 34. Nf6 Qg3 35. Re8+ Kg7 36. Nh5+ Kf7 37. Nxg3 Kxe8 1-0

[Event "Scarborough CC Falling Leaves U1800"]
[Site "Toronto CAN"]
[Date "2011.11.17"]
[Round "3"]
[White "Aghamalian, Derick"]
[Black "Raphael, Raymond"]
[Result "1-0"]
[WhiteElo "1555"]
[BlackElo "1642"]
[PlyCount "77"]
[GameId "2160767909639510"]
[EventDate "2011.11.03"]
[EventType "swiss"]
[EventRounds "7"]
[EventCountry "CAN"]
[SourceTitle "EXT 2022"]
[Source "ChessBase"]
[SourceDate "2021.10.06"]
[SourceVersion "1"]
[SourceVersionDate "2021.10.06"]
[SourceQuality "1"]

1. e4 c5 2. Nf3 Nc6 3. d4 cxd4 4. Nxd4 e6 5. Nc3 Bb4 6. Nxc6 bxc6 7. Bd2 Bb7 8. a3 Ba5 9. Bc4 a6 10. Qg4 Qf6 11. Qg3 Rc8 12. Bd3 Bc7 13. f4 Qg6 14. Qf2 f6 15. e5 Qf7 16. exf6 Nxf6 17. Qa7 Rb8 18. Na4 Nd5 19. Nc5 Ba8 20. Nxa6 O-O 21. Nxb8 Rxb8 22. g3 Qe8 23. c4 Bb6 24. Qa4 Nf6 25. O-O-O Bd4 26. Bc3 Be3+ 27. Kb1 Ng4 28. Be5 Rb7 29. Rhe1 Bc5 30. h3 Nxe5 31. Rxe5 Ra7 32. Qc2 d6 33. Bxh7+ Kh8 34. Re2 Rb7 35. Ka2 e5 36. Bg6 Qb8 37. fxe5 dxe5 38. Rxe5 Qxe5 39. Rd8+ 1-0

[Event "Scarborough CC Falling Leaves U1800"]
[Site "Toronto CAN"]
[Date "2011.11.17"]
[Round "3"]
[White "Azizi, Hamid"]
[Black "Smith, Maurice"]
[Result "0-1"]
[WhiteElo "1424"]
[BlackElo "1509"]
[PlyCount "74"]
[GameId "2160767909639511"]
[EventDate "2011.11.03"]
[EventType "swiss"]
[EventRounds "7"]
[EventCountry "CAN"]
[SourceTitle "EXT 2022"]
[Source "ChessBase"]
[SourceDate "2021.10.06"]
[SourceVersion "1"]
[SourceVersionDate "2021.10.06"]
[SourceQuality "1"]

1. f4 d5 2. Nf3 c5 3. e3 Nc6 4. Bb5 Bd7 5. b3 Nf6 6. Bb2 a6 7. Be2 g6 8. Bxf6 exf6 9. O-O Bg7 10. Na3 f5 11. Rb1 O-O 12. c4 d4 13. Nc2 dxe3 14. dxe3 Qc7 15. Qe1 Rfe8 16. Ng5 h6 17. Nh3 Re7 18. Nf2 Rae8 19. Nd1 Nd4 20. Bd3 Nxc2 21. Bxc2 Bc6 22. Qf2 b6 23. Bd3 Qd7 24. Be2 Be4 25. Nc3 Bxc3 26. Rbd1 Qc7 27. h4 Bc6 28. Rd3 Rxe3 29. Rxe3 Rxe3 30. Rd1 Bd4 31. Kh1 Re4 32. Rxd4 cxd4 33. g3 Qe7 34. Bf3 Re6 35. Bxc6 Rxc6 36. Qxd4 Rd6 37. Qf2 Rd1+ 0-1

[Event "Scarborough CC Falling Leaves U1800"]
[Site "Toronto CAN"]
[Date "2011.11.17"]
[Round "3"]
[White "Gaffney, Kevin"]
[Black "Lin, William"]
[Result "1-0"]
[WhiteElo "1632"]
[BlackElo "1361"]
[PlyCount "55"]
[GameId "2160767909639512"]
[EventDate "2011.11.03"]
[EventType "swiss"]
[EventRounds "7"]
[EventCountry "CAN"]
[SourceTitle "EXT 2022"]
[Source "ChessBase"]
[SourceDate "2021.10.06"]
[SourceVersion "1"]
[SourceVersionDate "2021.10.06"]
[SourceQuality "1"]

1. e4 e6 2. d4 d5 3. exd5 exd5 4. c4 Nf6 5. Nf3 Bd6 6. Nc3 c6 7. Bd3 Bg4 8. O-O O-O 9. Bg5 Nbd7 10. Re1 Qc7 11. h3 Bxf3 12. Qxf3 dxc4 13. Bxc4 Qb6 14. Be3 Qxb2 15. Rec1 Qb6 16. d5 Qc7 17. Rab1 Ne5 18. Qe2 Nxc4 19. Qxc4 cxd5 20. Qb3 Rac8 21. Nxd5 Qd7 22. Nxf6+ gxf6 23. Rd1 Qe7 24. Bh6 Rfe8 25. Qf3 Kh8 26. Kf1 Bb4 27. Rxb4 Qxb4 28. Qxf6+ 1-0

[Event "Scarborough CC Falling Leaves U1800"]
[Site "Toronto CAN"]
[Date "2011.11.17"]
[Round "3"]
[White "Guo, Tan"]
[Black "Tismenko, Dennis"]
[Result "1-0"]
[WhiteElo "1634"]
[BlackElo "1435"]
[PlyCount "91"]
[GameId "2160767909639513"]
[EventDate "2011.11.03"]
[EventType "swiss"]
[EventRounds "7"]
[EventCountry "CAN"]
[SourceTitle "EXT 2022"]
[Source "ChessBase"]
[SourceDate "2021.10.06"]
[SourceVersion "1"]
[SourceVersionDate "2021.10.06"]
[SourceQuality "1"]

1. e4 c5 2. Nf3 g6 3. d4 cxd4 4. Nxd4 Nc6 5. Nc3 Bg7 6. Be3 Nf6 7. Be2 O-O 8. O-O d6 9. Qd2 Qc7 10. Nxc6 Qxc6 11. Bf3 Nxe4 12. Nxe4 d5 13. Nc3 Bxc3 14. Qxc3 Qxc3 15. bxc3 e6 16. Rab1 b6 17. c4 Ba6 18. cxd5 Bxf1 19. Kxf1 exd5 20. Bxd5 Rfd8 21. Bxa8 Rxa8 22. Rd1 Rc8 23. c3 Kf8 24. Bh6+ Ke7 25. Rd3 f6 26. Ke2 g5 27. f4 Rg8 28. Kf3 g4+ 29. Kg3 Rg6 30. f5 Rxh6 31. Rd4 Rh5 32. Rxg4 Rg5 33. Rxg5 fxg5 34. Kg4 Kf6 35. c4 h5+ 36. Kxh5 Kxf5 37. g4+ Kf4 38. h4 gxh4 39. Kxh4 Ke5 40. g5 Ke6 41. Kh5 Kf7 42. Kh6 Kf8 43. g6 Kg8 44. g7 a6 45. a3 a5 46. a4 1-0

[Event "Scarborough CC Falling Leaves U1800"]
[Site "Toronto CAN"]
[Date "2011.11.17"]
[Round "3"]
[White "Kurkowski, Ken"]
[Black "Azmitia, Gabriel"]
[Result "0-1"]
[WhiteElo "1569"]
[BlackElo "1588"]
[PlyCount "110"]
[GameId "2160767909639514"]
[EventDate "2011.11.03"]
[EventType "swiss"]
[EventRounds "7"]
[EventCountry "CAN"]
[SourceTitle "EXT 2022"]
[Source "ChessBase"]
[SourceDate "2021.10.06"]
[SourceVersion "1"]
[SourceVersionDate "2021.10.06"]
[SourceQuality "1"]

1. d4 d5 2. Nf3 Nf6 3. e3 a6 4. Bd3 e6 5. O-O Bd6 6. b3 Nbd7 7. Bb2 b6 8. Nbd2 Bb7 9. Ne5 Qe7 10. Rc1 Ba3 11. Bxa3 Qxa3 12. Qe2 Ne4 13. Bxe4 dxe4 14. Nxd7 Kxd7 15. Nc4 Qe7 16. Ne5+ Kc8 17. a4 f6 18. Nc4 a5 19. Nb2 Ba6 20. c4 Rd8 21. Qc2 f5 22. Rfd1 c5 23. Qc3 Bb7 24. dxc5 bxc5 25. Qe5 Rxd1+ 26. Rxd1 Ra6 27. Rd2 Qc7 28. Qxc7+ Kxc7 29. Nd1 Rd6 30. Rxd6 Kxd6 31. Nc3 g5 32. h3 h5 33. Ne2 h4 34. g3 e5 35. gxh4 gxh4 36. Kh2 Bc6 37. Nc3 Be8 38. Nb5+ Kc6 39. Nc3 Bh5 40. Nd5 Bd1 41. Ne7+ Kd7 42. Nxf5 Bxb3 43. Nxh4 Bxc4 44. f3 Bd3 45. fxe4 Bxe4 46. Ng2 c4 47. Ne1 c3 48. Kg3 c2 49. Nxc2 Bxc2 50. Kf3 Bxa4 51. Ke4 Ke6 52. h4 Bc2+ 53. Kf3 a4 54. h5 a3 55. h6 Bh7 0-1

[Event "Scarborough CC Falling Leaves U1800"]
[Site "Toronto CAN"]
[Date "2011.11.17"]
[Round "3"]
[White "Maister, Martin"]
[Black "Liang, Phillip"]
[Result "1-0"]
[WhiteElo "1626"]
[BlackElo "1443"]
[PlyCount "99"]
[GameId "2160767909639515"]
[EventDate "2011.11.03"]
[EventType "swiss"]
[EventRounds "7"]
[EventCountry "CAN"]
[SourceTitle "EXT 2022"]
[Source "ChessBase"]
[SourceDate "2021.10.06"]
[SourceVersion "1"]
[SourceVersionDate "2021.10.06"]
[SourceQuality "1"]

1. g3 d5 2. Bg2 Nf6 3. c4 c6 4. cxd5 cxd5 5. Nf3 Nc6 6. O-O e5 7. d4 e4 8. Ne5 Qc7 9. Nxc6 bxc6 10. Nc3 Bd6 11. Bg5 Nd7 12. Rc1 Qb8 13. Qc2 h6 14. Bd2 O-O 15. b3 Ba6 16. Rfe1 Qb6 17. Na4 Qb7 18. Qxc6 Bb8 19. Qxb7 Bxb7 20. Bh3 f5 21. Bb4 Rf7 22. Nc5 Nxc5 23. Bxc5 a5 24. e3 Ra6 25. Bf1 Raf6 26. Ba3 Bd6 27. Bxd6 Rxd6 28. Rc5 a4 29. b4 Rf8 30. Rc7 Rb6 31. a3 Bc6 32. Rc1 Rf6 33. h4 Be8 34. Be2 Rfc6 35. R1xc6 Rxc6 36. Rxc6 Bxc6 37. b5 Bd7 38. Kf1 Kf8 39. Ke1 Ke7 40. Kd2 Kd6 41. Kc3 Kc7 42. Kb4 Kb6 43. Kxa4 g5 44. Kb4 gxh4 45. gxh4 Bc8 46. a4 Bb7 47. a5+ Kc7 48. Kc5 Ba8 49. b6+ Kc8 50. a6 1-0

[Event "Scarborough CC Falling Leaves U1800"]
[Site "Toronto CAN"]
[Date "2011.11.17"]
[Round "3"]
[White "Mesiti, Silvano"]
[Black "Zhang, John"]
[Result "1-0"]
[WhiteElo "1604"]
[BlackElo "1663"]
[PlyCount "69"]
[GameId "2160767909639516"]
[EventDate "2011.11.03"]
[EventType "swiss"]
[EventRounds "7"]
[EventCountry "CAN"]
[SourceTitle "EXT 2022"]
[Source "ChessBase"]
[SourceDate "2021.10.06"]
[SourceVersion "1"]
[SourceVersionDate "2021.10.06"]
[SourceQuality "1"]

1. e4 e5 2. Nf3 Nc6 3. Bc4 Nf6 4. Ng5 d5 5. exd5 Na5 6. Bb5+ c6 7. dxc6 bxc6 8. Ba4 Bd6 9. O-O Bb7 10. d3 h6 11. Ne4 Nxe4 12. dxe4 O-O 13. Nc3 Re8 14. Qg4 Re6 15. Bb3 Nxb3 16. axb3 Rg6 17. Qf3 Qe7 18. Be3 Bc8 19. h3 Be6 20. Ne2 f5 21. Ng3 f4 22. Nf5 Qf8 23. Nxd6 Qxd6 24. Bxa7 Qd7 25. Bc5 Rxa1 26. Rxa1 Bxh3 27. g3 Qd8 28. Qh5 Qf6 29. Qxh3 fxg3 30. fxg3 Qf3 31. Bf2 Qxe4 32. Rc1 Qf4 33. Rd1 Qf3 34. Re1 e4 35. Qg2 1-0

[Event "Scarborough CC Falling Leaves U1800"]
[Site "Toronto CAN"]
[Date "2011.11.17"]
[Round "3"]
[White "Pishdad, Hassan"]
[Black "Vojnov, Miomir"]
[Result "1-0"]
[WhiteElo "1325"]
[BlackElo "1566"]
[PlyCount "71"]
[GameId "2160767909639517"]
[EventDate "2011.11.03"]
[EventType "swiss"]
[EventRounds "7"]
[EventCountry "CAN"]
[SourceTitle "EXT 2022"]
[Source "ChessBase"]
[SourceDate "2021.10.06"]
[SourceVersion "1"]
[SourceVersionDate "2021.10.06"]
[SourceQuality "1"]

1. d4 d5 2. c4 Nf6 3. Nc3 e6 4. e3 b6 5. Nf3 c5 6. cxd5 exd5 7. Bb5+ Bd7 8. Bxd7+ Nbxd7 9. O-O a6 10. a4 Bd6 11. Re1 O-O 12. e4 dxe4 13. Nxe4 Nxe4 14. Rxe4 h6 15. b3 Qf6 16. Bb2 Qg6 17. Qe2 Nf6 18. Nh4 Qg5 19. Nf3 Qf5 20. Re3 Ng4 21. Re4 Qh5 22. h3 Nf6 23. Rh4 Qd5 24. dxc5 Rae8 25. Qxa6 Bxc5 26. Bxf6 gxf6 27. Rxh6 Re4 28. Rh4 Re6 29. Qb5 Rfe8 30. Rd4 Qf5 31. b4 Qc2 32. bxc5 Re2 33. Rf1 bxc5 34. Rd2 Qe4 35. Rxe2 Qxe2 36. Qxc5 1-0

[Event "Scarborough CC Falling Leaves U1800"]
[Site "Toronto CAN"]
[Date "2011.11.17"]
[Round "3"]
[White "Radpey, Abdolreza"]
[Black "Triefeldt, Jack"]
[Result "0-1"]
[WhiteElo "1613"]
[BlackElo "1747"]
[PlyCount "112"]
[GameId "2160767909639518"]
[EventDate "2011.11.03"]
[EventType "swiss"]
[EventRounds "7"]
[EventCountry "CAN"]
[SourceTitle "EXT 2022"]
[Source "ChessBase"]
[SourceDate "2021.10.06"]
[SourceVersion "1"]
[SourceVersionDate "2021.10.06"]
[SourceQuality "1"]

1. Nf3 Nf6 2. c4 g6 3. Nc3 Bg7 4. d4 d6 5. e3 O-O 6. Bd3 Nbd7 7. h3 c5 8. d5 e5 9. e4 Nb6 10. O-O Nh5 11. Ne2 f5 12. Bg5 Qc7 13. Ng3 Nxg3 14. fxg3 fxe4 15. Bxe4 Nxc4 16. Qc1 b5 17. b3 Nb6 18. Bh6 Bf5 19. Bxg7 Qxg7 20. Bxf5 Rxf5 21. Qd2 Raf8 22. Ng5 Rxf1+ 23. Rxf1 Rxf1+ 24. Kxf1 Qb7 25. Ne4 Qf7+ 26. Ke2 Qe7 27. h4 Nd7 28. Ng5 Nf8 29. Qa5 Qd7 30. Qd2 Qg4+ 31. Kf2 h6 32. Nf3 Kg7 33. Qa5 Qd7 34. Qa6 Kf7 35. Nh2 Ke7 36. g4 h5 37. gxh5 gxh5 38. Nf3 Qf5 39. Ke3 e4 40. Qb7+ Nd7 41. Ng5 Qg4 42. Qxb5 Qxg2 43. Nxe4 Qh3+ 44. Ke2 Qxh4 45. Qd3 Qh2+ 46. Nf2 Qe5+ 47. Ne4 Nf6 48. Kf3 Qxe4+ 49. Qxe4+ Nxe4 50. Kxe4 Kf6 51. Kf4 h4 52. Kg4 Ke5 53. Kxh4 Kxd5 54. a3 a5 55. Kg3 Ke4 56. Kf2 Kf4 0-1